LEADERSHIP DIALOGUES II : LEADERSHIP IN TIMES OF CHANGE (Record no. 215801)
[ view plain ]
| 000 -LEADER | |
|---|---|
| fixed length control field | 00598nam a22001817a 4500 |
| 008 - FIXED-LENGTH DATA ELEMENTS--GENERAL INFORMATION | |
| fixed length control field | 250626b |||||||| |||| 00| 0 eng d |
| 020 ## - INTERNATIONAL STANDARD BOOK NUMBER | |
| International Standard Book Number | 978-178583256-7 |
| 050 ## - LIBRARY OF CONGRESS CALL NUMBER | |
| Classification number | LB2805 .H37 2018 |
| 100 ## - MAIN ENTRY--PERSONAL NAME | |
| Personal name | HARRIS, DAVID |
| 245 ## - TITLE STATEMENT | |
| Title | LEADERSHIP DIALOGUES II : LEADERSHIP IN TIMES OF CHANGE |
| 260 ## - PUBLICATION, DISTRIBUTION, ETC. | |
| Place of publication, distribution, etc. | WALES |
| Name of publisher, distributor, etc. | CROWN HOUSE PUBLISHING LIMITED |
| Date of publication, distribution, etc. | 2018 |
| 300 ## - PHYSICAL DESCRIPTION | |
| Extent | II, 206 P.: ILL |
| 500 ## - GENERAL NOTE | |
| General note | INCLUDES BIBLIOGRAPHICAL REFERENCES |
| 650 ## - SUBJECT ADDED ENTRY | |
| Topical term or geographic name entry element | 1. EDUCATIONAL LEADERSHIP. 2. SCHOOL MANAGEMENT AND ORGANIZATION. |
| 700 ## - ADDED ENTRY--PERSONAL NAME | |
| Personal name | WEST-BURNHAM, JOHN |
| 942 ## - ADDED ENTRY ELEMENTS (KOHA) | |
| Source of classification or shelving scheme | Library of Congress Classification |
| Koha item type | Long Loan Book |
| Withdrawn status | Lost status | Source of classification or shelving scheme | Damaged status | Not for loan | Collection | Home library | Current library | Shelving location | Date acquired | Inventory number | Total checkouts | Full call number | Barcode | Date last seen | Copy number | Price effective from | Koha item type |
|---|---|---|---|---|---|---|---|---|---|---|---|---|---|---|---|---|---|
| Library of Congress Classification | Arts & Social Sciences | Kisii University Library | Kisii University Library | On Display | 06/26/2025 | 108724 | LB2805 .H37 2018 | 000000020947 | 06/26/2025 | 1 | 06/26/2025 | Long Loan Book | |||||
| Library of Congress Classification | Arts & Social Sciences | Kisii University Library | Kisii University Library | On Display | 06/26/2025 | 108725 | LB2805 .H37 2018 | 000000020946 | 06/26/2025 | 2 | 06/26/2025 | Long Loan Book | |||||
| Library of Congress Classification | Arts & Social Sciences | Kisii University Library | Kisii University Library | On Display | 06/26/2025 | 108726 | LB2805 .H37 2018 | 000000020945 | 06/26/2025 | 3 | 06/26/2025 | Long Loan Book | |||||
| Library of Congress Classification | Arts & Social Sciences | Kisii University Library | Kisii University Library | On Display | 06/26/2025 | 108727 | LB2805 .H37 2018 | 000000020944 | 06/26/2025 | 4 | 06/26/2025 | Long Loan Book |